राष्ट्र तुम्हारा ऋणी रहेगा कृष्ण श्रीमद भगवत गीता पर एक सार्थक चिन्तन (Record no. 68956)
[ view plain ]
| 000 -LEADER | |
|---|---|
| fixed length control field | 00517nam a22001097a 4500 |
| 082 ## - DEWEY DECIMAL CLASSIFICATION NUMBER | |
| Classification number | 294 |
| 100 ## - MAIN ENTRY--AUTHOR NAME | |
| Personal name | डाॅ प्रेम भारती |
| 245 ## - TITLE STATEMENT | |
| Title | राष्ट्र तुम्हारा ऋणी रहेगा कृष्ण श्रीमद भगवत गीता पर एक सार्थक चिन्तन |
| 260 ## - PUBLICATION, DISTRIBUTION, ETC. (IMPRINT) | |
| Place of publication | दिल्ली |
| Name of publisher | आर के पब्लिशर्स |
| Year of publication | 2025 |
| 650 ## - SUBJECT ADDED ENTRY--TOPICAL TERM | |
| Topical Term | भारतीय धर्म |
| 942 ## - ADDED ENTRY ELEMENTS (KOHA) | |
| Koha item type | Hindi Books |
| Withdrawn status | Lost status | Damaged status | Not for loan | Home library | Current library | Date acquired | Full call number | Accession Number | Price effective from | Koha item type |
|---|---|---|---|---|---|---|---|---|---|---|
| MACL | MACL | 05/04/2026 | 294 | CRH039090 | 05/04/2026 | Hindi Books |









